Maternal, neonatal, and women's health nursing / (Record no. 865)

000 -LEADER
fixed length control field 01502nam a22003737a 4500
001 - CONTROL NUMBER
control field 12403885
003 - CONTROL NUMBER IDENTIFIER
control field OSt
005 - DATE AND TIME OF LATEST TRANSACTION
control field 20210426094458.0
008 - FIXED-LENGTH DATA ELEMENTS--GENERAL INFORMATION
fixed length control field 010509s2002 at a b 001 0 eng
010 ## - LIBRARY OF CONGRESS CONTROL NUMBER
LC control number 2001032460
020 ## - INTERNATIONAL STANDARD BOOK NUMBER
International Standard Book Number 0766801217 (alk. paper)
040 ## - CATALOGING SOURCE
Original cataloging agency eng
Transcribing agency DLC
Modifying agency eng
041 ## - LANGUAGE CODE
Language code of text/sound track or separate title eng
042 ## - AUTHENTICATION CODE
Authentication code pcc
050 00 - LIBRARY OF CONGRESS CALL NUMBER
Classification number RG951
Item number .L563 2002
080 ## - UNIVERSAL DECIMAL CLASSIFICATION NUMBER
Universal Decimal Classification number 616-053.3
Item number L-81
082 00 - DEWEY DECIMAL CLASSIFICATION NUMBER
Classification number 610.73/678
Edition number 21
100 1# - MAIN ENTRY--PERSONAL NAME
Personal name Littleton, Lynna Y.
245 10 - TITLE STATEMENT
Title Maternal, neonatal, and women's health nursing /
Statement of responsibility, etc. Lynna Y. Littleton and Joan C. Engebretson.
Remainder of title / by: Delmar Thomson Learning
260 ## - PUBLICATION, DISTRIBUTION, ETC.
Place of publication, distribution, etc. Australia ;
-- [Albany, N.Y.] United States :
Name of publisher, distributor, etc. Delmar Thomson Learning,
Date of publication, distribution, etc. c2002.
300 ## - PHYSICAL DESCRIPTION
Extent xxx, 1341 p. :
Other physical details ill. (chiefly col.) ;
Dimensions 29 cm. +
504 ## - BIBLIOGRAPHY, ETC. NOTE
Bibliography, etc. note Includes bibliographical references and index.
538 ## - SYSTEM DETAILS NOTE
System details note System requirements: Microsoft Windows 95 or better; 486 MHz CPU (Pentium recommended); 16MN or more of RAM; CD-ROM drive; 10MB or more free hard drive space; 256 color display or better.
650 #0 - SUBJECT ADDED ENTRY--TOPICAL TERM
Topical term or geographic name entry element Maternity nursing.
650 #0 - SUBJECT ADDED ENTRY--TOPICAL TERM
Topical term or geographic name entry element Neonatology
9 (RLIN) 529
650 #0 - SUBJECT ADDED ENTRY--TOPICAL TERM
Topical term or geographic name entry element Neonatal nursing.
650 #0 - SUBJECT ADDED ENTRY--TOPICAL TERM
Topical term or geographic name entry element Newborn infants
General subdivision Care.
650 #0 - SUBJECT ADDED ENTRY--TOPICAL TERM
Topical term or geographic name entry element Gynecologic nursing.
653 ## - INDEX TERM--UNCONTROLLED
Uncontrolled term ნეონატოლოგია
700 1# - ADDED ENTRY--PERSONAL NAME
Personal name Engebretson, Joan.
906 ## - LOCAL DATA ELEMENT F, LDF (RLIN)
a 7
b cbc
c orignew
d 1
e ocip
f 20
g y-gencatlg
942 ## - ADDED ENTRY ELEMENTS (KOHA)
Source of classification or shelving scheme
Koha item type Books
Holdings
Withdrawn status Lost status Source of classification or shelving scheme Damaged status Not for loan Permanent location Current location Date acquired Inventory number Total Checkouts Full call number Barcode Date last seen Price effective from Koha item type
          Ken Walker International University Ken Walker International University 12/29/2020 2347   616-053.3 L-81 2347 12/29/2020 12/29/2020 Books

Powered by Koha